Szczegóły MARC21

Bolʹšoj russko-polʹskij slovarʹ : okolo 70 000 slov. [T.1], A-O /

003 -Nazwa inst., której nr kontr. jest w polu 001 [,]
    • @
    • Nazwa instytucji, której n kontrolny jest w polu 001
    • NUKAT
005 -DATA I CZAS OSTATNIEJ MODYFIKACJI [,]
    • @
    • pole kontrolne
    • 20250613110811.0
020 -Międzynarod. znormalizowany nr książki - ISBN [ , ]
    • a
    • Numer ISBN
    • 8321404634 Find
040 -Instytucja sporządzająca opis [ , ]
    • a
    • Instytucja, która sporządziła opis (NP)
    • KR U/30DA
    • b
    • Język katalogowania
    • pol
    • e
    • Zasady katalogowania
    • rda
    • c
    • Instytucja, która sporządziła rekord (NP)
    • KR U/30DA
    • d
    • Instytucja, która zmodyfikowała rekord (P)
    • KR U/30DAs
    • d
    • Instytucja, która zmodyfikowała rekord (P)
    • KR U/42AKs
    • d
    • Instytucja, która zmodyfikowała rekord (P)
    • OLSZT 003/LL
    • d
    • Instytucja, która zmodyfikowała rekord (P)
    • KR U/30DA
    • d
    • Instytucja, która zmodyfikowała rekord (P)
    • GD 27/LKs
    • d
    • Instytucja, która zmodyfikowała rekord (P)
    • KAT U/41BM
    • d
    • Instytucja, która zmodyfikowała rekord (P)
    • WA U/VB
041 -Język dokumentu [0, ]
    • a
    • Język tekstu (P)
    • polski
    • a
    • Język tekstu (P)
    • rosyjski
044 -Kraj miejsca wydania [ , ]
    • a
    • Kraj miejsca wydania
    • Polska
    • a
    • Kraj miejsca wydania
    • Rosja
942 -Rodzaj dokumentu [ , ]
    • c
    • Rodzaj dokumentu
    • Książka
245 -Strefa tytułu i oznaczenia odpowiedzialności [0,0]
    • a
    • Tytuł
    • Bolʹšoj russko-polʹskij slovarʹ : Find
    • b
    • Ciąg dalszy tytułu (NP)
    • okolo 70 000 slov. Find
    • n
    • Oznaczenie części (P)
    • [T.1],
    • p
    • Nazwa części (P)
    • A-O /
    • c
    • Pozostałe elementy strefy tytułu i oznaczenia odpowiedzialności (NP)
    • A. Mirovič, I. Dulevič, I. Grek-Pabisova, I. Marynâk.
246 -Wariant tytułu [1,5]
    • a
    • Tytuł (NP)
    • Wielki słownik rosyjsko-polski
250 -Strefa wydania [ , ]
    • a
    • Oznaczenie wydania (NP)
    • Izdanie tretʹe ispravlennoe i dopolnennoe.
260 -Strefa adresu wydawniczego [ , ]
    • a
    • Miejsce wydania (P)
    • Warszawa :
    • b
    • Nazwa wydawcy (P)
    • Wiedza Powszechna ;
    • a
    • Miejsce wydania (P)
    • Moskva :
    • b
    • Nazwa wydawcy (P)
    • "Russkij âzyk",
    • c
    • Data wydania (P)
    • 1986.
300 -Strefa opisu fizycznego [ , ]
    • a
    • Określenie formy książki i/lub objętość (NP)
    • 863 strony ;
    • c
    • Format (NP)
    • 24 cm.
336 -Typ zawartości [ , ]
    • a
    • Termin opisujący typ zawartości
    • Tekst
    • b
    • Kod określający zawartość
    • txt
    • 2
    • Źródło (terminu i kodu)
    • rdacontent
337 -Typ mediów [ , ]
    • a
    • Tryb odtwarzania
    • Bez urządzenia pośredniczącego
    • b
    • Kod typu mediów
    • n
    • 2
    • Źródło (terminu i kodu)
    • rdamedia
338 -Typ/rodzaj nośnika [ , ]
    • a
    • Hasło opisujące typ nośnika
    • Wolumin
    • b
    • Kod typu nośnika
    • nc
    • 2
    • Źródło (terminu i kodu)
    • rdacarrier
080 -Uniwersalna Klasyfikacja Dziesiętna [ , ]
    • 2
    • Identyfikator wydania tablic
    • UDC-P058
    • 9
    • UKD
    • 10070
    • a
    • Symbol klasyfikacji
    • 811.161.1::811.162.1]'374
    • b
    • Dopowiedzenie
    • Słownik rosyjsko-polski.
650 -Hasło przedmiotowe [ ,7]
    • a
    • Hasło przedmiotowe
    • Język rosyjski
    • v
    • Określnik formalny
    • słowniki polskie.
    • 2
    • Źródło terminu
    • kaba
    • 9
    • KHW
    • 113442
980 -Symbol UKD [ , ]
    • a
    • UKD
    • 811.161.1::811.162.1]'374
700 -Hasło dodatkowe - nazwa osobowa [1, ]
    • a
    • Nazwa osobowa (NP)
    • Mirowicz, Anatol Find
    • d
    • Daty biograficzne (NP)
    • (1903-1996).
    • e
    • Określenie rodzaju współpracy
    • Autor
    • 9
    • KHW
    • 10071
700 -Hasło dodatkowe - nazwa osobowa [1, ]
    • a
    • Nazwa osobowa (NP)
    • Dulewiczowa, Irena. Find
    • e
    • Określenie rodzaju współpracy
    • Autor
    • 9
    • KHW
    • 61435
700 -Hasło dodatkowe - nazwa osobowa [1, ]
    • a
    • Nazwa osobowa (NP)
    • Grek-Pabisowa, Iryda Find
    • d
    • Daty biograficzne (NP)
    • (1932-2021).
    • e
    • Określenie rodzaju współpracy
    • Autor
    • 9
    • KHW
    • 1334
700 -Hasło dodatkowe - nazwa osobowa [1, ]
    • a
    • Nazwa osobowa (NP)
    • Maryniakowa, Irena Find
    • d
    • Daty biograficzne (NP)
    • (1931- ).
    • e
    • Określenie rodzaju współpracy
    • Autor
    • 9
    • KHW
    • 55818
710 -Hasło dodatkowe - nazwa ciała zbiorowego [2, ]
    • a
    • Nazwa ciała zbiorowego lub nazwa geograficzna jako pierwszy element (NP)
    • Państwowe Wydawnictwo Wiedza Powszechna.
    • e
    • Rodzaj współpracy
    • Wydawca
    • 4
    • Kod relacji
    • pbl
    • 9
    • KHW
    • 52062
710 -Hasło dodatkowe - nazwa ciała zbiorowego [2, ]
    • a
    • Nazwa ciała zbiorowego lub nazwa geograficzna jako pierwszy element (NP)
    • Izdatelʹstvo "Russkij âzyk".
    • e
    • Rodzaj współpracy
    • Wydawca
    • 4
    • Kod relacji
    • pbl
    • 9
    • KHW
    • 56261
920 -ISBN [ , ]
    • a
    • ISBN
    • 83-214-0463-4 Find
Sygnatura Data inwentaryzacji Lokalizacja Uwagi nie widoczne w OPAC Numer tomu Status udost. Numer inwentarzowy
  BGretrokonwersja[T.1], A - O1Bl.1262
  BGretrokonwersja[T.1], A - O2Bl.1622
  BGretrokonwersja[T.1], A - O2Bl.1624
 2010-02-15BM [T.1], A - O-3P.22125
ROS. Słowniki dwujęzyczne 03 BMretrokonwersja[T.1], A - O1R.4830
  BMretrokonwersja[T.1], A - O-3JO.596
  BMretrokonwersja[T.1], A - O2JO.598
  BNSretrokonwersja[T.1], A - O1Pd.3863
SA.3330 BSAretrokonwersja[T.1], A - O1SA.3330